| 000 | 01426nam a2200349 i 4500 | ||
|---|---|---|---|
| 001 | bg | ||
| 003 | BPK | ||
| 005 | 20200525101248.0 | ||
| 008 | 030218s2002 pl a |000 0 pol | ||
| 015 | _aPB 2003/4188 | ||
| 040 |
_aWA N _cBPK |
||
| 041 | 0 |
_apol _beng |
|
| 080 | _a621.01 | ||
| 080 | _a539.4/.5 | ||
| 100 | 1 |
_aŁagoda, Tadeusz _d(1965- ) _eAutor |
|
| 245 | 1 | 0 |
_aTrwałość zmęczeniowa z uwzględnieniem gradientów naprężeń w ujęciu energetycznym / _cTadeusz Łagoda, Ewald Macha [oraz] Henryk Achtelik [et al.]. |
| 260 |
_aOpole : _bOficyna Wydawnicza PO, _c2002. |
||
| 300 |
_a102, X s. : _bil. ; _c24 cm. |
||
| 490 | 1 |
_aStudia i Monografie / Politechnika Opolska, _x1429-6063 ; _vz. 139. |
|
| 490 | 1 |
_aWieloosiowe zmęczenie losowe elementów maszyn i konstrukcji / Tadeusz Łagoda, Ewald Macha ; _v4. |
|
| 504 | _aBibliogr. | ||
| 546 | _aStreszcz. ang. | ||
| 650 | 4 |
_aPręty _xmechanika. |
|
| 650 | 4 | _aNaprężenia i odkształcenia | |
| 650 | 4 | _aWytrzymałość materiałów | |
| 700 | 1 |
_aAchtelik, Henryk _eAutor |
|
| 700 | 1 |
_aMacha, Ewald _d(1940- ) _eAutor |
|
| 830 | 0 |
_aStudia i Monografie - Politechnika Opolska ; _vz. 139. |
|
| 830 | 0 |
_aWieloosiowe zmęczenie losowe elementów maszyn i konstrukcji ; _vcz. 4 |
|
| 856 |
_uhttp://koha.tu.koszalin.pl/cgi-bin/koha/opac-detail.pl?biblionumber=42828 _yKatalog online BPK |
||
| 942 |
_2UKD _cKS |
||
| 999 |
_c42828 _d42828 |
||